| 000 | 00355nam a2200145Ia 4500 | ||
|---|---|---|---|
| 008 | 150201s1996 xx 000 0 und d | ||
| 082 |
_a610.73 _bN96E |
||
| 100 | _aELKIN , MARTHA KEELE | ||
| 245 | _aNURSING INTERVENTIONS & CLINICAL SKILLS | ||
| 250 | _a1ST | ||
| 260 |
_bMOSBY _aST. LOUIS _c1996 |
||
| 300 | _a812 | ||
| 650 | _aNURSING | ||
| 942 |
_2ddc _cBK |
||
| 999 |
_c2055 _d2055 |
||